Trabajo y autoridad en la industria; las ideologías de la dirección en el curso de la industrialización /
Guardado en:
| Autor Principal: | |
|---|---|
| Formato: | Libro |
| Publicado: |
Buenos Aires :
Eudeba,
1966
|
| Materias: | |
| Etiquetas: |
Agregar Etiqueta
Sin Etiquetas, Sea el primero en etiquetar este registro!
|
| LEADER | 00840nam a22002055a 4500 | ||
|---|---|---|---|
| 001 | CEM.cems000955 | ||
| 005 | 20060213000000.0 | ||
| 008 | 130507s1966##################000#0#####d | ||
| 003 | CEMS | ||
| 082 | 0 | 4 | |a 338.01 |
| 100 | 1 | |a Bendix, Reinhard | |
| 245 | 1 | 0 | |a Trabajo y autoridad en la industria; las ideologías de la dirección en el curso de la industrialización / |
| 260 | |a Buenos Aires : |b Eudeba, |c 1966 | ||
| 300 | |a 487 p. | ||
| 505 | 0 | |a Apendice: Nomina de establecimientos industriales bahienses que participaron en exposiciones provinciales y locales; Premios obtenidos por productos industriales bahienses en exposiciones internacionales, nacionales y locales | |
| 653 | |a Burocracia | ||
| 653 | |a Economia industrial | ||
| 653 | |a Industrializacion | ||
| 653 | |a Trabajo | ||
| 859 | |a CEMS |b BIB. CEMS - 11 de abril |h 338.01 |i B433 |p 2919.74 |t Ej.1 | ||
